| 000 | 02704nam a22002537a 4500 | ||
|---|---|---|---|
| 003 | Uzh_bibl | ||
| 008 | 260402b |||||||| |||| 00| 0 ukr d | ||
| 020 |
_a978-966-7991-18-0 _c82.00 |
||
| 040 | _bукр. | ||
| 041 |
_2ukr _aukr |
||
| 080 | _a629.5 | ||
| 090 |
_a629.5 _bВ 57 |
||
| 100 | _a | ||
| 245 |
_aВітрильники, кораблі, підводні човни _cавт.-упоряд. І.В.Гончаренко _hТекст |
||
| 260 |
_aХарків _bПромінь _c2005 |
||
| 300 |
_a64 с. _bіл. _fВ опр. |
||
| 520 | _aКнига буде цікавою як для дітей молодшого, так і старшого шкільного віку. Її мета - розширити кругозір дитини, розвинути у неї допитливість, дати відповіді на питання з історії та розвитку суднобудування. Ця книга розповість коротку, але захоплюючу історію від перших видовблених човнів до потужних кораблів, про народження перших навігаційних пристосувань, які допомагали древнім мореплавцям долати водні простори. Ти дізнаєшся про творців перших підводних човнів, які крок за кроком наближали людство до розкриття багатьох таємниць підводного царства, познайомишся з історією народження першого в світі пароплава і залізного судна. Сторінки книги розкажуть про типи військових, вантажних науково - дослідницьких сучасних суден і про те, чому лайнери іноді називають плавучими будинками відпочинку, а траулери - плавучими заводами, і чому криголами здатні долати пакові льоди. Ти не тільки прочитаєш про різні типи суден різних часів, а й побачиш їх на кольорових малюнках. | ||
| 521 | _aДля дітей молодшого, так і старшого шкільного віку | ||
| 546 | _aукр. | ||
| 650 | _aНауково-популярне видання | ||
| 653 |
_aВійськові судна _aКриголами _aСуднобудування |
||
| 655 | _aДитяча література | ||
| 942 |
_2udc _cBK |
||
| 999 |
_c17247 _d17247 |
||